Entrada Nombre geográfico
Número de registros utilizados en: 1
001 - NÚMERO DE CONTROL
003 - IDENTIFICADOR DEL NÚMERO DE CONTROL
- campo de control:
DR-UNIBE
005 - FECHA Y HORA DE LA ÚLTIMA TRANSACCIÓN
- campo de control:
20250509101207.0
008 - DATOS DE LONGITUD FIJA
- campo de control de longitud fija:
250509|| aca||aabn | a|a d
040 ## - FUENTE DE LA CATALOGACIÓN
- Centro catalogador/agencia de origen:
DR-UNIBE
- Centro/agencia transcriptor:
DR-UNIBE
151 ## - ENCABEZAMIENTO--NOMBRE GEOGRÁFICO
- Nombre geográfico:
El Salvador
- Subdivisión de forma:
Legislación
- Subdivisión general:
Consejo Nacional de la Judicatura
670 ## - FUENTE DE DATOS ENCONTRADOS
- Cita de la fuente:
Work cat.: (DR-UNIBE)113586: República de El Salvador. Leyes, decretos, etc 194874, Ley del Consejo Nacional de la Judicatura y su reglamento /, 2000